Italy for the gourmet traveler (Record no. 221970)

MARC details
000 -LEADER
fixed length control field 00678nam a2200253Ia 4500
008 - FIXED-LENGTH DATA ELEMENTS--GENERAL INFORMATION
fixed length control field 191130s2006##################000#0#eng##
020 ## - INTERNATIONAL STANDARD BOOK NUMBER
ISBN 9781856266666
082 ## - DEWEY DECIMAL CLASSIFICATION NUMBER
Classification number 641.5945 PLO
100 ## - MAIN ENTRY--AUTHOR NAME
Personal name Plotkin, Fred
245 ## - TITLE STATEMENT
Title Italy for the gourmet traveler
Statement of responsibility, etc Fred Plotkin
260 ## - PUBLICATION, DISTRIBUTION, ETC. (IMPRINT)
Place of publication London
Name of publisher Kyle Cathie
Year of publication 2006
300 ## - PHYSICAL DESCRIPTION
Number of Pages ix, 724 p. : ill., maps ; 24 cm
500 ## - GENERAL NOTE
General note Previous ed.: 2002. Includes index
650 ## - SUBJECT ADDED ENTRY--TOPICAL TERM
Topical Term Bar
Topical Term Bookstores
Topical Term Coffeeshop
Topical Term Cooking, Italian
Topical Term Food habits
Topical Term Italy
991 ## -
-- 119747
Holdings
Withdrawn status Lost status Damaged status Not for loan Home library Current library Shelving location Date acquired Full call number Accession Number Price effective from Koha item type
        Anna Centenary Library Anna Centenary Library 6TH FLOOR, A WING 13.10.2020 641.5945 PLO 383597 13.10.2020 English Books

Find us on the map